Statistics for US Presidents with a C in their name

Click here to take the quiz!

General Stats

  • This quiz has been taken 64 times
  • The average score is 12 of 14

Answer Stats

POTUSAnswer% Correct
16Abraham Lincoln
96%
39Jimmy Carter
95%
42Bill Clinton
93%
30Calvin Coolidge
93%
7Andrew Jackson
91%
44Barack Obama
89%
15James Buchanan
80%
25William McKinley
80%
22Grover Cleveland
79%
6John Quincy Adams
75%
37Richard Nixon
75%
21Chester A. Arthur
70%
14Franklin Pierce
68%
12Zachary Taylor
66%

Score Distribution

Percentile by Number Answered

Percent of People with Each Score

Your Score History

You have not taken this quiz